Statistics for Lineups: UEFA Champions League Final 2022

Click here to take the quiz!

General Stats

  • This quiz has been taken 264 times
  • The average score is 21 of 24

Answer Stats

No.Answer% Correct
9(C)Karim Benzema
99%
10Luka Modrić
98%
20Vinícius Júnior
98%
1Thibaut Courtois
97%
11Mohamed Salah
96%
1Alisson Becker
94%
8Toni Kroos
93%
CoachJürgen Klopp
92%
66Trent Alexander-Arnold
92%
4Virgil van Dijk
92%
CoachCarlo Ancelotti
91%
2Dani Carvajal
91%
10Sadio Mané
91%
14(C)Jordan Henderson
88%
26Andrew Robertson
85%
3Eder Militão
83%
4David Alaba
82%
15Federico Valverde
79%
14Casemiro
78%
3Fabinho
75%
23Ferland Mendy
75%
6Thiago Alcántara
73%
5Ibrahima Konaté
64%
23Luis Díaz
62%

Score Distribution

Percentile by Number Answered

Percent of People with Each Score

Your Score History

You have not taken this quiz